Courts and judges: an introduction to the judicial process (Record no. 356949)

000 -LEADER
fixed length control field 00433cam a22001337a 4500
008 - FIXED-LENGTH DATA ELEMENTS--GENERAL INFORMATION
fixed length control field 180718b1960 xxu||||| |||| 00| 0 eng d
082 ## - DEWEY DECIMAL CLASSIFICATION NUMBER
Classification number H2x73 Ab82c
100 ## - MAIN ENTRY--PERSONAL NAME
Personal name Abraham, Henry J.
245 ## - TITLE STATEMENT
Title Courts and judges: an introduction to the judicial process
Statement of responsibility, etc. by Henry J. Abraham
260 ## - PUBLICATION, DISTRIBUTION, ETC.
Place of publication, distribution, etc. New York
Name of publisher, distributor, etc. Oxford University Press
Date of publication, distribution, etc. 1960
300 ## - PHYSICAL DESCRIPTION
Extent 58p.
650 ## - SUBJECT ADDED ENTRY--TOPICAL TERM
Topical term or geographic name entry element Law --Political aspects
650 ## - SUBJECT ADDED ENTRY--TOPICAL TERM
Topical term or geographic name entry element Judicial process --United States
Holdings
Withdrawn status Lost status Damaged status Not for loan Permanent Location Current Location Date acquired Full call number Barcode Date last seen Price effective from Koha item type
        Indian Institute of Public Administration Indian Institute of Public Administration 1994-01-11 H2x73 Ab82c 35709 2018-07-21 2018-07-21 Book

Powered by Koha